[Event "P-3570"]
[Site "IECC email"]
[Date "2003.12.15"]
[Round "?"]
[White "Fernandez, Manuel"]
[Black "Barrer, Michel"]
[Result "0-1"]
[WhiteElo "1373"]
[BlackElo "1490"]
[PlyCount "74"]
[EventDate "2003.??.??"]
[EventType "tourn (corr)"]
[SourceTitle "Corr 2020"]
[Source "ChessBase"]
[SourceDate "2019.09.30"]
[SourceVersion "1"]
[SourceVersionDate "2019.09.30"]
[SourceQuality "1"]
[WhiteTeam "United States"]
[BlackTeam "France"]
[WhiteTeamCountry "USA"]
[BlackTeamCountry "FRA"]

1. Nf3 d5 2. d4 c5 3. c4 Bg4 4. Ne5 Bf5 5. dxc5 Qa5+ 6. Nc3 dxc4 7. Qa4+ Qxa4 8. Nxa4 Bc2 9. Nc3 Nf6 10. Nxc4 Nc6 11. a3 Nd4 12. b4 Bg6 13. Ra2 Nc2+ 14. Kd1 0-0-0+ 15. Bd2 Ng4 16. Kc1 Nxf2 17. Rg1 Nd4 18. Be3 Ne4 19. Kb2 f6 20. g3 Nxc3 21. Bxd4 Nxa2 22. Kxa2 Rxd4 23. e3 Rd1 24. Bh3+ Rd7 25. Rd1 f5 26. Re1 Bf7 27. Kb3 g6 28. Bf1 Bg7 29. Kc2 Bd5 30. Nd2 Rhd8 31. e4 Bc6 32. Re2 Ba4+ 33. Nb3 e6 34. exf5 exf5 35. Rf2 Rd2+ 36. Rxd2 Bxb3+ 37. Kc1 Bh6 0-1